[Event "ISR-chT"]
[Site "Israel"]
[Date "2002.02.02"]
[Round "4"]
[White "Boim, Inon"]
[Black "Har Zvi, Ronen"]
[Result "1/2-1/2"]
[WhiteElo "2399"]
[BlackElo "2504"]
[PlyCount "22"]
[EventDate "2002.01.10"]
[EventType "team"]
[EventRounds "11"]
[EventCountry "ISR"]
[SourceTitle "EXT 2003"]
[Source "ChessBase"]
[SourceDate "2002.11.25"]
[SourceVersion "1"]
[SourceVersionDate "2002.11.25"]
[SourceQuality "1"]

1. Nf3 c5 2. c4 Nc6 3. g3 g6 4. Bg2 Bg7 5. 0-0 e6 6. Nc3 Nge7 7. e3 d5 8. cxd5 Nxd5 9. d4 cxd4 10. Nxd4 0-0 11. h3 Nxd4 1/2-1/2

[Event "ISR-chT"]
[Site "Israel"]
[Date "2002.01.26"]
[Round "3"]
[White "Boim, Inon"]
[Black "Chernomordik, Pavel"]
[Result "0-1"]
[WhiteElo "2399"]
[BlackElo "2260"]
[PlyCount "82"]
[EventDate "2002.01.10"]
[EventType "team"]
[EventRounds "11"]
[EventCountry "ISR"]
[SourceTitle "EXT 2003"]
[Source "ChessBase"]
[SourceDate "2002.11.25"]
[SourceVersion "1"]
[SourceVersionDate "2002.11.25"]
[SourceQuality "1"]

1. e4 g6 2. d4 Bg7 3. c4 c5 4. d5 d6 5. Nc3 Nf6 6. Bd3 0-0 7. Nf3 e6 8. 0-0 Re8 9. h3 Na6 10. a3 Nc7 11. Re1 Rb8 12. Bg5 h6 13. Be3 exd5 14. exd5 b5 15. Ra2 bxc4 16. Bxc4 Nd7 17. Na4 Bb7 18. b4 Nb6 19. Nxb6 axb6 20. b5 Re4 21. Rc2 Ra8 22. Qd3 Qe8 23. Rce2 Rxc4 24. Qxc4 Qxb5 25. Qh4 g5 26. Bxg5 hxg5 27. Nxg5 Bxd5 28. Re7 Re8 29. Rxe8+ Nxe8 30. Qh7+ Kf8 31. Qf5 Qc6 32. h4 c4 33. Rd1 Nf6 34. h5 c3 35. h6 Bh8 36. Nh7+ Nxh7 37. Qxh7 Be5 38. f4 c2 39. Rc1 Qc5+ 40. Kh1 Qf2 41. Qxc2 Bxg2+ 0-1

[Event "ISR-chT"]
[Site "Israel"]
[Date "2002.01.12"]
[Round "1"]
[White "Klenburg, Mikhail"]
[Black "Boim, Inon"]
[Result "1/2-1/2"]
[WhiteElo "2379"]
[BlackElo "2399"]
[PlyCount "78"]
[EventDate "2002.01.10"]
[EventType "team"]
[EventRounds "11"]
[EventCountry "ISR"]
[SourceTitle "EXT 2003"]
[Source "ChessBase"]
[SourceDate "2002.11.25"]
[SourceVersion "1"]
[SourceVersionDate "2002.11.25"]
[SourceQuality "1"]

1. g3 d5 2. Bg2 c6 3. d3 g6 4. Nf3 Bg7 5. 0-0 Bg4 6. h3 Bxf3 7. Bxf3 Nd7 8. Bg2 e5 9. c4 d4 10. b4 Qc7 11. Nd2 Ne7 12. Nb3 0-0 13. a4 Rab8 14. a5 b5 15. Qc2 Rfc8 16. Bd2 a6 17. Rfc1 Qd6 18. Qa2 Qe6 19. cxb5 Rxb5 20. Rc4 Nd5 21. Rac1 Bf8 22. Qa4 h5 23. h4 Kh7 24. R1c2 Bh6 25. Bxh6 Kxh6 26. Bxd5 Qxd5 27. Nc5 Nxc5 28. Rxc5 Qe6 29. Qa3 Kg7 30. R2c4 Rxc5 31. Rxc5 Rb8 32. Qa4 Rb5 33. Qc2 Rxb4 34. Rxc6 Qd5 35. Rxa6 Rb5 36. f3 Rxa5 37. Rxa5 Qxa5 38. Kf2 Qd5 39. Qc7 Qe6 1/2-1/2

[Event "ISR-ch op"]
[Site "Tel Aviv"]
[Date "2001.04.13"]
[Round "5"]
[White "Boim, Inon"]
[Black "Greenfeld, Alon"]
[Result "1/2-1/2"]
[WhiteElo "2422"]
[BlackElo "2570"]
[PlyCount "61"]
[EventDate "2001.04.09"]
[EventType "swiss"]
[EventRounds "9"]
[EventCountry "ISR"]
[SourceTitle "CBM 081 Extra"]
[Source "ChessBase"]
[SourceDate "2001.05.06"]
[SourceVersion "1"]
[SourceVersionDate "2001.05.06"]
[SourceQuality "1"]

1. d4 Nf6 2. Nf3 g6 3. g3 Bg7 4. Bg2 0-0 5. 0-0 d5 6. Ne5 c6 7. c4 Be6 8. Qc2 Nbd7 9. Rd1 Nxe5 10. dxe5 Ng4 11. f4 Qa5 12. c5 f6 13. h3 Nh6 14. exf6 Bxf6 15. g4 Bg7 16. e3 Nxg4 17. hxg4 Bxg4 18. Rf1 Bf5 19. Qb3 Qxc5 20. Nc3 e5 21. Bd2 exf4 22. Rxf4 Be5 23. Nxd5 cxd5 24. Bb4 Qc7 25. Bxd5+ Kh8 26. Raf1 Bxf4 27. Rxf4 h5 28. Bxb7 Rad8 29. Bxf8 Rxf8 30. Be4 Qe7 31. Bg2 1/2-1/2

[Event "ISR-ch op"]
[Site "Tel Aviv"]
[Date "2001.04.09"]
[Round "1"]
[White "Boim, Inon"]
[Black "Maman, Emanuel"]
[Result "1-0"]
[WhiteElo "2422"]
[BlackElo "2078"]
[PlyCount "43"]
[EventDate "2001.04.09"]
[EventType "swiss"]
[EventRounds "9"]
[EventCountry "ISR"]
[SourceTitle "CBM 081 Extra"]
[Source "ChessBase"]
[SourceDate "2001.05.06"]
[SourceVersion "1"]
[SourceVersionDate "2001.05.06"]
[SourceQuality "1"]

1. e4 e5 2. Nc3 Nf6 3. g3 d5 4. exd5 Nxd5 5. Bg2 c6 6. Qe2 Nxc3 7. Qxe5+ Qe7 8. Qxe7+ Bxe7 9. bxc3 0-0 10. Nf3 Bf6 11. 0-0 Bf5 12. Rb1 b6 13. Ne1 Rc8 14. d4 Nd7 15. Nd3 Be6 16. Nb4 Bc4 17. Re1 Bb5 18. Bd2 a5 19. Nd5 Ra7 20. Bh3 Rd8 21. Bf4 Ba4 22. Bxd7 1-0

[Event "Herzliya"]
[Site "Herzliya"]
[Date "2000.09.13"]
[Round "8"]
[White "Boim, Inon"]
[Black "Zilberman, Yaacov"]
[Result "0-1"]
[WhiteElo "2422"]
[BlackElo "2488"]
[PlyCount "69"]
[EventDate "2000.09.06"]
[EventType "tourn"]
[EventRounds "9"]
[EventCountry "ISR"]
[EventCategory "9"]
[SourceTitle "CBM 079"]
[Source "ChessBase"]
[SourceDate "2000.11.21"]
[SourceVersion "1"]
[SourceVersionDate "2000.11.21"]
[SourceQuality "1"]

1. e4 c5 2. Nf3 Nc6 3. Bb5 g6 4. 0-0 Bg7 5. c3 Nf6 6. Re1 0-0 7. h3 e5 8. d4 exd4 9. cxd4 cxd4 10. e5 Nd5 11. Bxc6 dxc6 12. Qxd4 Bf5 13. Nc3 Nxc3 14. Qxc3 Re8 15. Bg5 Qb6 16. Rad1 Be6 17. a3 Bd5 18. Bf6 Bf8 19. Ng5 a5 20. h4 Qb3 21. Qd2 Qc4 22. Re3 Bc5 23. Rc3 Qg4 24. Nf3 Be7 25. Qh6 Bf8 26. Qg5 Qxg5 27. hxg5 Ra6 28. Nh2 Be6 29. Rd4 Rb6 30. Rcd3 Ra6 31. Rh4 Rb6 32. g4 Rb3 33. Rdh3 Rxh3 34. Rxh3 b5 35. f4 0-1

[Event "Herzliya"]
[Site "Herzliya"]
[Date "2000.09.09"]
[Round "4"]
[White "Boim, Inon"]
[Black "Bykhovsky, Avigdor"]
[Result "1-0"]
[WhiteElo "2422"]
[BlackElo "2415"]
[PlyCount "77"]
[EventDate "2000.09.06"]
[EventType "tourn"]
[EventRounds "9"]
[EventCountry "ISR"]
[EventCategory "9"]
[SourceTitle "CBM 079"]
[Source "ChessBase"]
[SourceDate "2000.11.21"]
[SourceVersion "1"]
[SourceVersionDate "2000.11.21"]
[SourceQuality "1"]

1. e4 g6 2. g3 Bg7 3. Bg2 c5 4. Nc3 Nc6 5. d3 Rb8 6. Be3 d6 7. Qd2 b5 8. f4 b4 9. Nd1 Qb6 10. Nf3 Nf6 11. h3 Nd4 12. 0-0 Nd7 13. g4 h5 14. c3 hxg4 15. hxg4 bxc3 16. bxc3 Nxf3+ 17. Bxf3 Ba6 18. Rc1 Qa5 19. Rf2 Nb6 20. Rb1 Kd7 21. Rc1 Na4 22. d4 cxd4 23. Bxd4 Bxd4 24. Qxd4 Nb6 25. Ne3 g5 26. e5 gxf4 27. exd6 fxe3 28. dxe7+ Kxe7 29. Qxe3+ Kf8 30. Re1 Kg8 31. Qf4 Nd7 32. Re7 Rb1+ 33. Kg2 Rh7 34. Rxd7 Bf1+ 35. Rxf1 Rxf1 36. Qb8+ Kg7 37. Kxf1 Qxc3 38. Qf4 Qa1+ 39. Bd1 1-0

[Event "Herzliya"]
[Site "Herzliya"]
[Date "2000.09.07"]
[Round "2"]
[White "Gustafsson, Jan"]
[Black "Boim, Inon"]
[Result "1-0"]
[WhiteElo "2506"]
[BlackElo "2422"]
[PlyCount "91"]
[EventDate "2000.09.06"]
[EventType "tourn"]
[EventRounds "9"]
[EventCountry "ISR"]
[EventCategory "9"]
[SourceTitle "CBM 079"]
[Source "ChessBase"]
[SourceDate "2000.11.21"]
[SourceVersion "1"]
[SourceVersionDate "2000.11.21"]
[SourceQuality "1"]

1. d4 d5 2. c4 e6 3. Nc3 Be7 4. cxd5 exd5 5. Bf4 c6 6. Qc2 Nf6 7. e3 0-0 8. Bd3 Nbd7 9. Nf3 Re8 10. h3 Nf8 11. 0-0 Bd6 12. Bxd6 Qxd6 13. Rab1 Qe7 14. b4 Ne4 15. b5 Bf5 16. bxc6 bxc6 17. Ne5 Rac8 18. Rbc1 f6 19. Nxc6 Rxc6 20. Nxd5 Rxc2 21. Nxe7+ Rxe7 22. Rxc2 Kf7 23. Rb1 Nd6 24. Bxf5 Nxf5 25. Rc6 Nd7 26. Rb7 Nb6 27. Rcc7 Nc8 28. Kf1 h5 29. Rxe7+ Nfxe7 30. Ke2 Ke6 31. Kd3 g6 32. e4 g5 33. g3 Kd6 34. Rb5 Nb6 35. a3 Ke6 36. Ra5 Nbc8 37. Ke3 f5 38. Ra6+ Kf7 39. f3 h4 40. gxh4 gxh4 41. Kf4 fxe4 42. fxe4 Ke8 43. Kg5 Kd7 44. d5 Nb6 45. Rxa7+ Kd6 46. e5+ 1-0

[Event "ISR-chT"]
[Site "Ramat Aviv"]
[Date "2000.03.10"]
[Round "5.3"]
[White "Hasidovski, Arnold"]
[Black "Boim, Inon"]
[Result "0-1"]
[WhiteElo "2177"]
[BlackElo "2424"]
[PlyCount "98"]
[EventDate "2000.01.14"]
[EventType "team"]
[EventRounds "11"]
[EventCountry "ISR"]
[SourceTitle "CBM 077"]
[Source "ChessBase"]
[SourceDate "2000.07.27"]
[SourceVersion "1"]
[SourceVersionDate "2000.07.27"]
[SourceQuality "1"]
[WhiteTeam "Netanya"]
[BlackTeam "Petah Tikva Hapoel"]
[WhiteTeamCountry "ISR"]
[BlackTeamCountry "ISR"]

1. d4 d5 2. c4 e6 3. Nc3 Be7 4. Nf3 Nf6 5. Bg5 h6 6. Bh4 0-0 7. e3 b6 8. cxd5 Nxd5 9. Bxe7 Qxe7 10. Nxd5 exd5 11. Be2 Be6 12. Rc1 c5 13. dxc5 bxc5 14. 0-0 Nd7 15. Qa4 Rab8 16. b3 Bf5 17. Qa5 Rfc8 18. Ba6 Rd8 19. Rfd1 Qd6 20. Bd3 Bg4 21. Be2 Be6 22. h3 Qb6 23. Qc3 Rbc8 24. Qc2 Nf6 25. Nd2 Qb4 26. Bf3 Qh4 27. e4 d4 28. Be2 Qf4 29. Bd3 Nd7 30. Nc4 Nb6 31. Qd2 Qh4 32. Qe2 Qg5 33. Qf3 Rd7 34. Kh2 Nxc4 35. Bxc4 Qe5+ 36. Kg1 Bxc4 37. Rxc4 Re8 38. Qg4 Rd6 39. Qh4 Ree6 40. f3 a5 41. Qf2 f5 42. f4 Qxe4 43. Rxc5 d3 44. Rc4 Qb7 45. Rd2 Qe7 46. Qc5 Re2 47. Qxf5 Rxd2 48. Rc8+ Rd8 49. Qd5+ Kh7 0-1

[Event "ISR-chT"]
[Site "Ramat Aviv"]
[Date "2000.01.21"]
[Round "2.2"]
[White "Oratovsky, Michael"]
[Black "Boim, Inon"]
[Result "1-0"]
[WhiteElo "2491"]
[BlackElo "2424"]
[PlyCount "113"]
[EventDate "2000.01.14"]
[EventType "team"]
[EventRounds "11"]
[EventCountry "ISR"]
[SourceTitle "CBM 074 Extra"]
[Source "ChessBase"]
[SourceDate "2000.03.10"]
[SourceVersion "2"]
[SourceVersionDate "2000.03.10"]
[SourceQuality "1"]
[WhiteTeam "Petah Tikva Elitzur"]
[BlackTeam "Petah Tikva Hapoel"]
[WhiteTeamCountry "ISR"]
[BlackTeamCountry "ISR"]

1. e4 e6 2. d3 d5 3. Nd2 c5 4. g3 Nc6 5. Bg2 Nf6 6. Ngf3 Be7 7. 0-0 0-0 8. c3 Qc7 9. Re1 b6 10. e5 Nd7 11. Qe2 a5 12. Nf1 Ba6 13. h4 d4 14. c4 b5 15. b3 Rab8 16. h5 Rfe8 17. N1h2 a4 18. Ng4 Na5 19. h6 g6 20. Bg5 Bb7 21. Bxe7 Rxe7 22. Rab1 Bc6 23. Qd2 b4 24. Ng5 Rf8 25. Qf4 f5 26. exf6 Qxf4 27. gxf4 Nxf6 28. Nxf6+ Rxf6 29. Bh3 Rxf4 30. Nxe6 Rh4 31. Ng5 Rxe1+ 32. Rxe1 axb3 33. Be6+ Kf8 34. Nxh7+ Ke7 35. Bd5+ Kd6 36. Re6+ Kc7 37. axb3 Bxd5 38. cxd5 Rxh6 39. Nf6 Nb7 40. Rc6+ Kd8 41. d6 Rh3 42. Ra6 Nxd6 43. Rxd6+ Ke7 44. Ne4 Rxd3 45. Rd7+ Ke8 46. Nxc5 Rc3 47. Rd5 d3 48. Nxd3 Rxb3 49. Kf1 Kf7 50. Ke2 Rb1 51. Rb5 b3 52. Nc5 Kf6 53. Rxb3 Rc1 54. Ne4+ Kf5 55. Kf3 Ra1 56. Rb5+ Ke6 57. Kf4 1-0

[Event "ISR-chT"]
[Site "Israel"]
[Date "1999.04.16"]
[Round "8"]
[White "Lev, Ronen"]
[Black "Boim, Inon"]
[Result "1/2-1/2"]
[WhiteElo "2457"]
[BlackElo "2419"]
[PlyCount "68"]
[EventDate "1999.01.??"]
[EventType "team"]
[EventRounds "11"]
[EventCountry "ISR"]
[SourceTitle "EXT 2000"]
[Source "ChessBase"]
[SourceDate "1999.11.16"]
[SourceVersion "1"]
[SourceVersionDate "1999.11.16"]
[SourceQuality "1"]

1. d4 d5 2. c4 e6 3. Nc3 Be7 4. cxd5 exd5 5. Bf4 c6 6. Qc2 Nf6 7. e3 0-0 8. Bd3 Nbd7 9. 0-0-0 Qa5 10. Kb1 Re8 11. Nf3 Bb4 12. Nd2 Nf8 13. h3 Qd8 14. g4 Bd6 15. g5 Bxf4 16. gxf6 Bh6 17. fxg7 Bxg7 18. Rdg1 Qf6 19. Nf1 Ng6 20. Ng3 Qh4 21. Nf5 Bxf5 22. Bxf5 Kh8 23. Rg4 Qh6 24. Na4 Ne7 25. Rhg1 Rg8 26. Nc5 b6 27. Nd7 Nxf5 28. Qxf5 Qe6 29. Qxe6 fxe6 30. f4 Rad8 31. Ne5 Bxe5 32. dxe5 Rxg4 33. hxg4 Rg8 34. g5 c5 1/2-1/2

[Event "Tel Aviv Cup rapid"]
[Site "Tel Aviv"]
[Date "1996.??.??"]
[Round "1"]
[White "Boim, Inon"]
[Black "Avrukh, Boris"]
[Result "0-1"]
[WhiteElo "2390"]
[BlackElo "2495"]
[PlyCount "66"]
[EventDate "1996.??.??"]
[EventType "k.o. (rapid)"]
[EventRounds "6"]
[EventCountry "ISR"]
[SourceTitle "CBM 052 Extra"]
[Source "ChessBase"]
[SourceDate "1996.07.01"]
[SourceVersion "1"]
[SourceVersionDate "1996.07.01"]
[SourceQuality "1"]

1. e4 c5 2. Nf3 d6 3. Bb5+ Nd7 4. 0-0 Ngf6 5. Re1 a6 6. Bf1 b6 7. d4 cxd4 8. Qxd4 Bb7 9. Nc3 e6 10. Bg5 Be7 11. Rad1 Qc7 12. Bh4 Rd8 13. Bg3 e5 14. Qe3 0-0 15. Nh4 g6 16. Nf3 b5 17. a3 Nc5 18. Nd2 Ne6 19. Nb3 Rd7 20. f3 Nh5 21. Nd5 Bxd5 22. exd5 Nxg3 23. hxg3 Ng7 24. Qf2 Bd8 25. Kh1 Qb8 26. Nd2 Bb6 27. Qe2 Nh5 28. Kh2 Qd8 29. Ne4 f5 30. Nf2 Qg5 31. Nh3 Qxg3+ 32. Kh1 Nf4 33. Qd2 Nxh3 0-1

[Event "Czerniak Memorial 11th"]
[Site "Tel Aviv"]
[Date "1995.??.??"]
[Round "4"]
[White "Grinshpun, Eduard"]
[Black "Boim, Inon"]
[Result "1/2-1/2"]
[WhiteElo "2390"]
[BlackElo "2365"]
[PlyCount "73"]
[EventDate "1995.??.??"]
[EventType "tourn"]
[EventRounds "11"]
[EventCountry "ISR"]
[EventCategory "4"]
[SourceTitle "EXT 1997"]
[Source "ChessBase"]
[SourceDate "1996.11.15"]
[SourceVersion "1"]
[SourceVersionDate "1996.11.15"]
[SourceQuality "1"]

1. d4 d5 2. Nf3 Nf6 3. c4 e6 4. e3 Be7 5. Nc3 0-0 6. b3 b6 7. Bb2 Bb7 8. Bd3 Nbd7 9. 0-0 h6 10. Qe2 Ne4 11. Rad1 Nxc3 12. Bxc3 Nf6 13. Ne5 c5 14. f4 Qc7 15. f5 exf5 16. Rxf5 dxc4 17. bxc4 Be4 18. Rf4 Bxd3 19. Qxd3 cxd4 20. exd4 Nd7 21. Rdf1 Nxe5 22. dxe5 Bg5 23. Rg4 Qe7 24. Qg3 f5 25. exf6 Bxf6 26. Bxf6 Rxf6 27. Rxg7+ Qxg7 28. Rxf6 Qxg3 29. hxg3 Rc8 30. Rxh6 Rxc4 31. Rd6 Ra4 32. Rd2 Kg7 33. Kh2 Kg6 34. Kh3 Kg5 35. g4 Ra3+ 36. g3 Ra5 37. Rb2 1/2-1/2

[Event "ISR-ch"]
[Site "Tel Aviv"]
[Date "1994.??.??"]
[Round "5"]
[White "Boim, Inon"]
[Black "Tseitlin, Mark D"]
[Result "0-1"]
[WhiteElo "2365"]
[BlackElo "2465"]
[PlyCount "110"]
[EventDate "1994.10.??"]
[EventType "swiss"]
[EventRounds "11"]
[EventCountry "ISR"]
[SourceTitle "EXT 1997"]
[Source "ChessBase"]
[SourceDate "1996.11.15"]
[SourceVersion "1"]
[SourceVersionDate "1996.11.15"]
[SourceQuality "1"]

1. Nf3 g6 2. g3 Bg7 3. Bg2 d5 4. d4 c6 5. 0-0 Nf6 6. Ne5 0-0 7. c4 Ng4 8. Nxg4 Bxg4 9. cxd5 cxd5 10. Nc3 Nc6 11. h3 Bd7 12. e3 e6 13. Na4 b6 14. Bd2 Rc8 15. Rc1 Qe7 16. a3 Rfd8 17. Re1 Qe8 18. Nc3 Na5 19. e4 dxe4 20. Nxe4 Rxc1 21. Bxc1 Bc6 22. Be3 Nc4 23. Qc2 Rc8 24. Qe2 Qd7 25. Rc1 Nxe3 26. fxe3 Bxe4 27. Rxc8+ Qxc8 28. Bxe4 e5 29. d5 Qxh3 30. Kf2 h5 31. Qf1 Qxf1+ 32. Kxf1 f5 33. Bc2 e4 34. b4 Be5 35. Kf2 Kf8 36. Bd1 Ke7 37. Be2 Bb2 38. a4 Bc3 39. b5 Kd6 40. Bc4 Bb4 41. Bb3 Ke5 42. Bc4 Bd6 43. Bb3 Kf6 44. Bd1 Kg5 45. Be2 h4 46. gxh4+ Kxh4 47. Bf1 Bc5 48. Bc4 Bd6 49. Bf1 Kg4 50. Bg2 Bc5 51. Bf1 f4 52. d6 Bxe3+ 53. Ke1 f3 54. Bc4 Bg5 55. Bf7 e3 0-1

[Event "Oakham Masters"]
[Site "Oakham"]
[Date "1994.??.??"]
[Round "11"]
[White "Polak, Tomas"]
[Black "Boim, Inon"]
[Result "1/2-1/2"]
[WhiteElo "2410"]
[BlackElo "2345"]
[PlyCount "45"]
[EventDate "1994.??.??"]
[EventType "tourn"]
[EventRounds "11"]
[EventCountry "ENG"]
[EventCategory "5"]
[SourceTitle "EXT 2000"]
[Source "ChessBase"]
[SourceDate "1999.11.16"]
[SourceVersion "1"]
[SourceVersionDate "1999.11.16"]
[SourceQuality "1"]

1. d4 d5 2. c4 e6 3. Nc3 Be7 4. cxd5 exd5 5. Bf4 c6 6. Qc2 Nf6 7. e3 0-0 8. Bd3 Nbd7 9. Nf3 Re8 10. 0-0 Nf8 11. h3 Ng6 12. Bh2 Bd6 13. Bxd6 Qxd6 14. Rab1 Bd7 15. b4 b6 16. Rfc1 Qe7 17. Bf5 Rac8 18. Qd3 Ne4 19. Bxd7 Qxd7 20. b5 Nxc3 21. Rxc3 cxb5 22. Rxc8 Rxc8 23. Qxb5 1/2-1/2